000 00693nam a2200217Ia 4500
003 GCL
008 140319s9999 xx 000 0 ara d
020 _a3159286977
040 _aGCL /
_cGCL
082 0 4 _a327.172
_bم ق
100 1 _aمدحت فؤاد
245 1 0 _aالقضية فى الانعاش :
_bالاتصالات السرية للسلام /
_cمدحت فؤاد
260 _aالقاهرة :
_bمدبولى الصغير ،
_c2003
300 _a243 ص ؛
_c24 سم
650 0 4 _aالعلاقات الخارجية
650 0 4 _aياسر عرفات
650 0 4 _aالسلام العالمى
650 0 4 _aعمرو موسى
650 0 4 _aفتحى عرفات
942 _2ddc
_cBK
999 _c5496
_d5496